Jesse McCartney Discography - Statistics

General Stats
  • This quiz has been taken 3 times
  • The average score is 5 of 12
Answer Stats
Type Year Name % Correct
Album 2004 Beautiful Soul
100%
Album 2006 Right Where You Want Me
100%
Mixtape 2008 Leavin'
67%
Album 2008 Departure
33%
Album 2014 In Technicolor
33%
Mixtape 2013 In Technicolor (Part I)
33%
EP 2003 JMac
33%
Live Album 2009 Live At the House of Blues, Sunset Strip
33%
EP 2005 Off the Record
33%
Mixtape 2009 It's Over
0%
Mixtape 2008 Leavin (Remixed)
0%
Live Album 2005 Live: The Beautiful Sour Tour
0%
No matching quizzes found
Score Distribution
Percent of People with Each Score
Percentile by Number Answered
Your Score History
You have not taken this quiz